[Event "Rubinstein mem"]
[Site "Polanica Zdroj"]
[Date "1995.??.??"]
[Round "5"]
[White "Ehlvest, Jaan"]
[Black "Huebner, Robert"]
[Result "1/2-1/2"]
[WhiteElo "2630"]
[BlackElo "2630"]
[PlyCount "27"]
[EventDate "1995.08.??"]
[Source "ChessBase"]

1. e4 e6 2. Qe2 c5 3. Nf3 Nc6 4. g3 g6 5. Bg2 Bg7 6. O-O d6 7. c3 e5 8. d3 Nge7 9. Nh4 O-O 10. f4 f5 11. Nd2 exf4 12. gxf4 Kh8 13. Ndf3 Be6 14. Ng5 1/2-1/2

[Event "RUS-ch KO"]
[Site "?"]
[Date "1997.05.28"]
[Round "4.1"]
[White "Morozevich Alexander"]
[Black "Bareev Evgeny I"]
[Result "1/2-1/2"]
[WhiteElo "2595"]
[BlackElo "2665"]
[PlyCount "119"]
[EventDate "1997.??.??"]
[Source "www.chesslib.no"]
[SourceDate "2004.05.04"]

1. e4 e6 2. Qe2 c5 3. g3 Nc6 4. c3 g6 5. Bg2 Bg7 6. f4 Nge7 7. Nf3 d6 8. O-O O-O 9. Na3 Rb8 10. Kh1 Qd7 11. d4 cxd4 12. cxd4 d5 13. e5 b5 14. Be3 b4 15. Nb1 Rb6 16. Rc1 Ba6 17. Qe1 Na5 18. Nbd2 Rc8 19. Nb3 Nxb3 20. axb3 Rxc1 21. Bxc1 Bd3 22. Bd2 Qb7 23. g4 Be4 24. Ng5 Bxg2+ 25. Kxg2 Rc6 26. Nf3 Bf8 27. Qe2 Qb6 28. Be3 Qc7 29. Ne1 Nc8 30. Qf3 Qb7 31. Qf1 Qb6 32. Kh1 Ne7 33. Nd3 Rc7 34. Nc5 Nc6 35. f5 Bxc5 36. dxc5 Qb7 37. Bf4 Ne7 38. fxe6 fxe6 39. Bh6 d4+ 40. Kg1 Qc8 41. Qf3 g5 42. Rf1 Ng6 43. Qf6 d3 44. Bxg5 Qe8 45. Bd2 a5 46. h4 Rf7 47. Qg5 Rxf1+ 48. Kxf1 Qa8 49. Kf2 Qf8+ 50. Kg2 Qxc5 51. h5 Qd5+ 52. Kf2 Qd4+ 53. Kf3 Qd5+ 54. Kf2 Qd4+ 55. Qe3 Qxe3+ 56. Kxe3 Nxe5 57. g5 a4 58. bxa4 Nc4+ 59. Kxd3 Nxb2+ 60. Kc2 1/2-1/2

[Event "It (open)"]
[Site "Biel (Switzerland)"]
[Date "2007.07.25"]
[Round "3"]
[White "Ulibin Mikhail (RUS)"]
[Black "Roiz Michael (ISR)"]
[Result "0-1"]
[WhiteElo "2514"]
[BlackElo "2630"]
[PlyCount "72"]
[EventDate "2007.??.??"]
[Source "www.chesslib.no"]
[SourceDate "2004.05.04"]

1. e4 e6 2. Qe2 d5 3. exd5 Qxd5 4. Nf3 c5 5. b3 Nc6 6. Bb2 Nge7 7. Nc3 Qd8 8. Qd3 Bd7 9. a3 Nf5 10. Ne4 Qc7 11. g4 Nfd4 12. Nxd4 cxd4 13. Bxd4 Nxd4 14. Qxd4 Qxc2 15. Bg2 Bc6 16. O-O Rd8 17. Qe5 Qd3 18. Rac1 Qd4 19. Qc7 Be7 20. Rc4 Qb6 21. Qxb6 axb6 22. Nc3 Bxg2 23. Kxg2 h5 24. h3 Rxd2 25. Nb5 hxg4 26. hxg4 Rh4 27. b4 g5 28. Rfc1 Kf8 29. Rc8+ Kg7 30. R1c4 Bf6 31. Rb8 Be5 32. Rxb7 Rh2+ 33. Kf3 Rhxf2+ 34. Ke4 Rf4+ 35. Ke3 Rd5 36. Rxb6 Rxc4 0-1

[Event "Int. tournament"]
[Site "Vrbas Int. tournament"]
[Date "1977.??.??"]
[Round "?"]
[White "Sax, Gyula"]
[Black "Smejkal, Jan"]
[Result "1/2-1/2"]
[WhiteElo "2565"]
[BlackElo "2575"]
[PlyCount "22"]
[EventDate "1977.??.??"]
[Source "www.chesslib.no"]
[SourceDate "2004.05.04"]

1. e4 e6 2. Qe2 c5 3. g3 Nc6 4. Bg2 Nge7 5. Nf3 d5 6. d3 g6 7. Nbd2 Bg7 8. O-O O-O 9. Re1 b6 10. Nf1 Ba6 11. e5 h6 1/2-1/2

[Event "Vilnius"]
[Site "?"]
[Date "1997.??.??"]
[Round "?"]
[White "Fedorov, A."]
[Black "Rustemov, A."]
[Result "0-1"]
[WhiteElo "2580"]
[BlackElo "2550"]
[PlyCount "74"]
[EventDate "1997.??.??"]
[Source "ChessBase"]
[SourceDate "1997.06.01"]

1. e4 e6 2. Qe2 Nf6 3. Nf3 d5 4. e5 Nfd7 5. d3 c5 6. g3 Nc6 7. Bg2 Be7 8. h4 h6 9. c4 dxc4 10. dxc4 Nd4 11. Nxd4 cxd4 12. Bf4 Qb6 13. Nd2 Nc5 14. Rb1 a5 15. h5 Bd7 16. O-O O-O 17. b3 Rfd8 18. a3 Bc6 19. b4 Bxg2 20. Kxg2 Na4 21. c5 Qc6+ 22. Qf3 Nc3 23. Rb2 Qb5 24. g4 Rd5 25. Ne4 Nxe4 26. Qxe4 Qc6 27. Qf3 axb4 28. axb4 Ra4 29. Rc1 Qb5 30. Qb3 d3 31. Qc4 Qd7 32. Qb3 Bxc5 33. Rxc5 Rxc5 34. bxc5 Rxf4 35. Qxb7 Rxg4+ 36. Kf1 Qa4 37. Ke1 Qa5+ 0-1

[Event "Mikenas mem op"]
[Site "?"]
[Date "1997.??.??"]
[Round "?"]
[White "Fedorov Alexei"]
[Black "Gleizerov Evgeny"]
[Result "0-1"]
[WhiteElo "2580"]
[BlackElo "2545"]
[PlyCount "134"]
[EventDate "1997.??.??"]
[Source "www.chesslib.no"]
[SourceDate "2004.05.04"]

1. e4 e6 2. Qe2 c5 3. g3 Nc6 4. c3 g6 5. Bg2 Bg7 6. f4 d6 7. Nf3 Nge7 8. O-O O-O 9. Na3 Rb8 10. Kh1 Qd7 11. d4 cxd4 12. cxd4 Nxd4 13. Nxd4 Bxd4 14. Nb5 Bg7 15. Rd1 d5 16. Nxa7 Qa4 17. Nb5 Bd7 18. Nc3 Bxc3 19. bxc3 Bb5 20. Qe1 dxe4 21. Rd4 Qa6 22. c4 Bxc4 23. Bb2 Bd5 24. g4 Rbc8 25. Rd2 e3 26. Qxe3 Bxg2+ 27. Rxg2 Nd5 28. Qg3 Rc4 29. Rf2 Qc6 30. Kg1 Qb6 31. g5 Rfc8 32. Be5 Ne3 33. h3 Rc1+ 34. Kh2 Rxa1 35. Bxa1 Rc2 36. Rxc2 Nxc2 37. Be5 Qe3 38. Qxe3 Nxe3 39. Kg3 Nf5+ 40. Kf3 Kf8 41. Ke4 Ke8 42. Bc3 Ne7 43. Ke5 Nd5 44. Bd2 Kd7 45. a4 Kc6 46. a5 Kc5 47. Bc1 Kb4 48. Bd2+ Kc5 49. Bc1 Kb5 50. Bd2 b6 51. axb6 Kxb6 52. Kd6 Kb5 53. Kd7 Kc4 54. Ke8 Kd3 55. Bc1 Ke4 56. Kxf7 Kf5 57. Kg7 Nxf4 58. h4 Ng2 59. h5 gxh5 60. Kxh7 Nh4 61. Kh6 Kg4 62. Bb2 Nf5+ 63. Kg6 Nd6 64. Kf6 Ne4+ 65. Kxe6 Nxg5+ 66. Kd5 h4 67. Be5 h3 0-1

[Event "Minsk"]
[Site "Minsk"]
[Date "1996.??.??"]
[Round "9"]
[White "Fedorov, Alexei"]
[Black "Savchenko, Stanislav"]
[Result "1-0"]
[WhiteElo "2540"]
[BlackElo "2585"]
[PlyCount "81"]
[EventDate "1996.??.??"]
[Source "ChessBase"]

1. e4 e6 2. Qe2 Be7 3. Nf3 d5 4. d3 Nf6 5. g3 c5 6. Bg2 Nc6 7. O-O O-O 8. e5 Ne8 9. h4 b5 10. Bf4 a5 11. Nbd2 a4 12. a3 b4 13. Bg5 Nc7 14. c3 bxc3 15. bxc3 Nb5 16. Rfc1 Qa5 17. Bxe7 Nxc3 18. Qe3 d4 19. Nxd4 cxd4 20. Qf3 Nxe7 21. Nc4 Qa6 22. Qxa8 Ne2+ 23. Kf1 Nxc1 24. Rxc1 Qxa8 25. Bxa8 Ba6 26. Be4 Rc8 27. Rb1 Bxc4 28. dxc4 g5 29. Rb4 gxh4 30. gxh4 Kg7 31. Ke2 Ng6 32. Kd3 Nxh4 33. Kxd4 Ng6 34. Bxg6 Kxg6 35. c5 h5 36. Rb6 Rd8+ 37. Rd6 Rh8 38. c6 h4 39. Kc5 Kf5 40. c7 Rc8 41. Kc6 1-0

[Event "56th ch-RUS"]
[Site "Krasnoyarsk"]
[Date "2003.09.12"]
[Round "9"]
[White "Ulibin, Mikhail"]
[Black "Ivanov, Sergey"]
[Result "1-0"]
[WhiteElo "2558"]
[BlackElo "2556"]
[PlyCount "53"]
[EventDate "2003.09.03"]
[Source "Roberto Alvarez"]
[SourceDate "2003.09.15"]

1. e4 e6 2. Qe2 c5 3. g3 Nc6 4. Bg2 g6 5. c3 Bg7 6. f4 Nge7 7. Nf3 d6 8. O-O O-O 9. Kh1 Rb8 10. Na3 Qd7 11. Nc2 b5 12. d4 cxd4 13. cxd4 b4 14. Rd1 Rb6 15. d5 Ba6 16. Qe1 exd5 17. exd5 Na5 18. Nxb4 Bc4 19. Be3 Rb5 20. a4 Rbb8 21. Bd4 Bb3 22. Bxg7 Kxg7 23. Rd3 Rfe8 24. Na6 Nxd5 25. Qxa5 Rb6 26. Nd2 Ne3 27. Qc3+ 1-0

[Event "Velammal 45th National A ch-IND"]
[Site "Chennai IND"]
[Date "2008.02.12"]
[Round "10"]
[White "Gopal, G."]
[Black "Ganguly, S."]
[Result "1-0"]
[WhiteElo "2528"]
[BlackElo "2579"]
[PlyCount "79"]
[EventDate "2008.02.03"]
[Source "www.chesslib.no"]
[SourceDate "2004.05.04"]

1. e4 e6 2. Qe2 Nc6 3. Nf3 e5 4. c3 d6 5. d4 g6 6. dxe5 dxe5 7. Qc2 Bg7 8. Bg5 Nf6 9. Nbd2 h6 10. Bh4 Qe7 11. Nc4 Bg4 12. O-O-O Qe6 13. Ne3 Bxf3 14. gxf3 Qxa2 15. Bc4 Qa5 16. b4 Qa3+ 17. Kd2 O-O-O+ 18. Nd5 Nxb4 19. cxb4 g5 20. Ke2 Nxd5 21. Bxd5 Qa6+ 22. Bc4 Qc6 23. b5 Qb6 24. Bg3 f6 25. h4 Rxd1 26. Rxd1 Bf8 27. Qd3 Bd6 28. Qd5 Rf8 29. Kf1 Kb8 30. Kg2 Qc5 31. Qxc5 Bxc5 32. Rd7 Bd6 33. Rh7 a5 34. bxa6 bxa6 35. h5 a5 36. Rxh6 Ka7 37. Rg6 a4 38. h6 Rh8 39. Rxf6 a3 40. Ba2 1-0

[Event "Presidents Cup"]
[Site "Elista"]
[Date "1998.05.08"]
[Round "1.2"]
[White "Shovunov, Baatr"]
[Black "Vaganian, Rafael A"]
[Result "0-1"]
[WhiteElo "2475"]
[BlackElo "2630"]
[PlyCount "81"]
[EventDate "1998.05.07"]
[Source "ChessBase"]
[SourceDate "1998.08.06"]

1. e4 e6 2. Qe2 Be7 3. b3 d5 4. Bb2 Nf6 5. e5 Nfd7 6. g3 c5 7. f4 Nc6 8. Nf3 Nb4 9. Na3 b6 10. Bg2 Ba6 11. d3 d4 12. Nd2 Rb8 13. Ne4 b5 14. Nb1 Nd5 15. c3 N7b6 16. cxd4 cxd4 17. Kf2 Ne3 18. Bf3 Rc8 19. Rc1 Rxc1 20. Bxc1 Nbd5 21. Bb2 Qb6 22. Nbd2 O-O 23. Rc1 b4 24. Nc4 Nxc4 25. bxc4 Nc3 26. Bxc3 bxc3 27. Qc2 Bxc4 28. Rb1 Bb5 29. a4 Bxa4 30. Rxb6 Bxc2 31. Rb7 Bd8 32. Ke2 Bb6 33. Nd6 Ba4 34. f5 c2 35. Kd2 Bc5 36. Nc4 a5 37. g4 Bb4+ 38. Kc1 Be1 39. Nb6 Bb3 40. Nd7 Rc8 41. Bc6 0-1

[Event "Commonwealth Ch"]
[Site "Mumbai"]
[Date "2003.04.23"]
[Round "6"]
[White "Zhang Pengxiang"]
[Black "Barua, Dibyendu"]
[Result "1-0"]
[WhiteElo "2557"]
[BlackElo "2545"]
[PlyCount "71"]
[EventDate "2003.04.20"]
[Source "Roberto Alvarez"]
[SourceDate "2003.04.28"]

1. e4 e6 2. Qe2 b6 3. Nf3 Bb7 4. d3 d6 5. g3 g6 6. Bg2 Bg7 7. Nbd2 Ne7 8. O-O O-O 9. Rd1 c5 10. Nf1 Nbc6 11. c3 a5 12. a4 d5 13. e5 d4 14. c4 Nb4 15. Bf4 Qd7 16. Re1 Bc6 17. b3 Qb7 18. h4 h5 19. N1h2 Nf5 20. Bg5 Rfe8 21. Rad1 Nh6 22. Rf1 Ng4 23. Nxg4 hxg4 24. Ne1 Bxg2 25. Nxg2 Qf3 26. Rfe1 Nc6 27. Bf4 Rac8 28. Qd2 Nxe5 29. Bxe5 f6 30. Bf4 Qc6 31. Bh6 Bh8 32. Qf4 Kh7 33. Qxg4 f5 34. Qg5 e5 35. Qd2 f4 36. Bxf4 1-0

[Event "Chigorin mem open"]
[Site "?"]
[Date "1997.11.03"]
[Round "3"]
[White "Fedorov Alexei"]
[Black "Yandemirov Valeri"]
[Result "1-0"]
[WhiteElo "2600"]
[BlackElo "2500"]
[PlyCount "69"]
[EventDate "1997.??.??"]
[Source "www.chesslib.no"]
[SourceDate "2004.05.04"]

1. e4 e6 2. Qe2 c5 3. g3 Nc6 4. c3 g6 5. Bg2 Bg7 6. f4 Nge7 7. Nf3 O-O 8. O-O d6 9. Na3 Rb8 10. Kh1 a6 11. Nc2 b5 12. d4 b4 13. dxc5 bxc3 14. b3 dxc5 15. Be3 Nd4 16. Nfxd4 cxd4 17. Rad1 e5 18. fxe5 Nc6 19. Nxd4 Nxe5 20. Nc6 Nxc6 21. Rxd8 Rxd8 22. Rc1 Nb4 23. Bg5 Re8 24. Bf4 Rb5 25. a4 Rd5 26. e5 g5 27. Qc4 gxf4 28. Bxd5 Nxd5 29. Qxd5 Be6 30. Qd4 Bxb3 31. gxf4 c2 32. Kg1 Rc8 33. Kf2 Be6 34. Qd3 Rc4 35. Qd8+ 1-0

[Event "URS Ch"]
[Site "Baku AZE"]
[Date "1972.11.??"]
[Round "15"]
[White "Bronstein, David I"]
[Black "Bagirov, Vladimir K"]
[Result "0-1"]
[WhiteElo "2585"]
[BlackElo "2515"]
[PlyCount "104"]
[EventDate "1972.11.17"]
[Source "www.chesslib.no"]
[SourceDate "2004.05.04"]

1. e4 e6 2. Qe2 c5 3. g3 Nc6 4. Bg2 Nge7 5. h4 d5 6. d3 b6 7. Nc3 Nd4 8. Qd1 Bb7 9. h5 Qd7 10. Bf4 dxe4 11. dxe4 Nec6 12. Nh3 h6 13. O-O Be7 14. Rc1 O-O-O 15. Re1 g6 16. hxg6 fxg6 17. g4 e5 18. Be3 Bg5 19. Nd5 Ne6 20. c3 Kb8 21. Qf3 Bxe3 22. fxe3 Ng5 23. Qg3 Bc8 24. Nf2 Qg7 25. b4 c4 26. Rcd1 h5 27. b5 Na5 28. Qh4 Nf3+ 29. Bxf3 hxg4 30. Qf6 Qxf6 31. Nxf6 gxf3 32. N2g4 Rdf8 33. Kf2 Nb7 34. Kg3 Bxg4 35. Nxg4 Nc5 36. Nxe5 Nxe4+ 37. Kg4 Nf2+ 38. Kg3 Nxd1 39. Nd7+ Kc7 40. Nxf8 Rxf8 41. Rxd1 f2 42. Rf1 Kd6 43. Rxf2 Rxf2 44. Kxf2 Ke5 45. Kf3 Kd5 46. e4+ Ke5 47. Ke3 g5 48. Kf3 g4+ 49. Ke3 g3 50. Kf3 g2 51. Kxg2 Kxe4 52. Kf2 Kd3 0-1

[Event "Chigorin Memorial"]
[Site "?"]
[Date "1997.??.??"]
[Round "6"]
[White "Morozevich, Alexander"]
[Black "Kiriakov, Petr"]
[Result "1-0"]
[WhiteElo "2590"]
[BlackElo "2505"]
[PlyCount "67"]
[EventDate "1997.??.??"]
[Source "www.chesslib.no"]
[SourceDate "2004.05.04"]

1. e4 e6 2. Qe2 d5 3. d3 dxe4 4. dxe4 b6 5. Nf3 Bc5 6. c3 a5 7. Qc2 Nf6 8. Bg5 h6 9. Bh4 Be7 10. Na3 Nfd7 11. Bg3 Bxa3 12. bxa3 Ba6 13. c4 Bb7 14. Rd1 Qc8 15. Be2 O-O 16. O-O Nc6 17. e5 Ne7 18. Nd4 Nc5 19. f3 Nf5 20. Bf2 Nxd4 21. Rxd4 Rd8 22. Rg4 Rd7 23. Bh4 Kh8 24. Qc1 Qf8 25. Qe3 Na4 26. Kh1 Qc5 27. Qf4 Rg8 28. Rd1 Nc3 29. Rxd7 Nxe2 30. Qxh6+ gxh6 31. Bf6+ Kh7 32. Rxf7+ Rg7 33. Rfxg7+ Kh8 34. Rg8+ 1-0

[Event "Synthesia Rapid Open"]
[Site "Pardubice CEC"]
[Date "2007.07.19"]
[Round "6"]
[White "Novikov, St"]
[Black "Korobov, A."]
[Result "1/2-1/2"]
[WhiteElo "2562"]
[BlackElo "2530"]
[PlyCount "110"]
[EventDate "2007.07.18"]
[Source "www.chesslib.no"]
[SourceDate "2004.05.04"]

1. e4 e6 2. Qe2 c5 3. g3 Nc6 4. c3 Bd6 5. Bg2 Nge7 6. f4 Bc7 7. Nf3 d5 8. d3 b5 9. O-O O-O 10. Be3 Bb6 11. Nbd2 a5 12. Bf2 a4 13. h4 c4 14. a3 cxd3 15. Qxd3 Ba6 16. exd5 exd5 17. Ng5 g6 18. Qf3 b4 19. Rfe1 bxc3 20. bxc3 Rb8 21. h5 h6 22. Nh3 Qd6 23. c4 Nd4 24. Qd3 Nb3 25. Ne4 Bxf2+ 26. Nhxf2 Qb6 27. Nc3 Bxc4 28. Qf3 Nxa1 29. Rxe7 Rbe8 30. Rxe8 Rxe8 31. hxg6 fxg6 32. Nxd5 Bxd5 33. Qxd5+ Kf8 34. Be4 Nb3 35. Kg2 Qe6 36. Qb7 Re7 37. Qa8+ Re8 38. Qxa4 Nc5 39. Qb4 Qd6 40. Bf3 Rd8 41. a4 Ne6 42. Qc3 Nd4 43. Be4 h5 44. a5 h4 45. gxh4 Qxf4 46. a6 Qxh4 47. Qc5+ Kg7 48. a7 Nf5 49. Qc7+ Kh6 50. a8=R Qg5+ 51. Kh2 Qh4+ 52. Kg2 Rxa8 53. Bxa8 Qg5+ 54. Kh2 Qh4+ 55. Kg2 Qg5+ 1/2-1/2

[Event "2nd Saipa Cup"]
[Site "Tehran"]
[Date "2004.09.21"]
[Round "11"]
[White "Iuldachev, Saidali"]
[Black "Gleizerov, Evgeny"]
[Result "1/2-1/2"]
[WhiteElo "2550"]
[BlackElo "2539"]
[PlyCount "61"]
[EventDate "2004.09.13"]
[Source "Roberto Alvarez"]
[SourceDate "2004.10.05"]

1. e4 e6 2. Qe2 d5 3. exd5 Qxd5 4. Nc3 Qd8 5. Nf3 c5 6. b3 Nc6 7. Bb2 Nge7 8. Qd3 Qxd3 9. Bxd3 Bd7 10. O-O-O O-O-O 11. Ng5 Ne5 12. Be2 N7g6 13. Nb5 f6 14. Ne4 Nf4 15. Nbc3 Bc6 16. Bf1 f5 17. Ng5 h6 18. Nb5 hxg5 19. Bxe5 Bxb5 20. Bxb5 Nxg2 21. Rhg1 Nh4 22. Rxg5 Nf3 23. Bxg7 Rxh2 24. Rg3 Rxf2 25. Bc4 f4 26. Bxe6+ Kb8 27. Rg4 Bxg7 28. Rxg7 Rfxd2 29. Rxd2 Nxd2 30. Rf7 Rd6 31. Rxf4 1/2-1/2

[Event "Minsk op"]
[Site "?"]
[Date "1997.??.??"]
[Round "8"]
[White "Fedorov Alexei"]
[Black "Zakharevich Igor"]
[Result "1/2-1/2"]
[WhiteElo "2580"]
[BlackElo "2505"]
[PlyCount "115"]
[EventDate "1997.??.??"]
[Source "www.chesslib.no"]
[SourceDate "2004.05.04"]

1. e4 e6 2. Qe2 c5 3. g3 Nc6 4. c3 g6 5. Bg2 Bg7 6. f4 Nge7 7. Nf3 d6 8. O-O O-O 9. Na3 Rb8 10. Kh1 d5 11. e5 Qa5 12. Nc2 b5 13. a3 d4 14. cxd4 cxd4 15. Nfxd4 Nxd4 16. Nxd4 Bb7 17. b4 Bxg2+ 18. Qxg2 Qb6 19. Bb2 Rfd8 20. Nb3 Rd5 21. Nc5 Rbd8 22. Bc3 h5 23. h3 Qc6 24. g4 hxg4 25. hxg4 g5 26. fxg5 Ng6 27. Rae1 Nh4 28. Qe4 Bf8 29. Nd3 Ng6 30. Nf4 Nxf4 31. Rxf4 Qc4 32. Qxc4 bxc4 33. Rxc4 Rd3 34. Kg2 Be7 35. Ree4 Bxg5 36. Red4 Bxd2 37. Rxd8+ Rxd8 38. Rd4 Rxd4 39. Bxd4 a6 40. Kf3 Kf8 41. Ke2 Bf4 42. a4 Ke8 43. Kd3 Kd7 44. Kc4 Kc6 45. b5+ axb5+ 46. axb5+ Kc7 47. Kd3 Bg5 48. Ke4 Bc1 49. Be3 Bb2 50. Kf4 Kb7 51. Bc5 Bc1+ 52. Kg3 Bb2 53. Kf4 Bc1+ 54. Ke4 Bb2 55. Bd4 Bc1 56. Kd3 Kc7 57. Kc4 Bg5 58. Bc3 1/2-1/2

[Event "Minsk op"]
[Site "?"]
[Date "1997.??.??"]
[Round "4"]
[White "Fedorov Alexei"]
[Black "Feygin Michail"]
[Result "1/2-1/2"]
[WhiteElo "2580"]
[BlackElo "2505"]
[PlyCount "45"]
[EventDate "1997.??.??"]
[Source "www.chesslib.no"]
[SourceDate "2004.05.04"]

1. e4 e6 2. Qe2 c5 3. f4 Nc6 4. Nf3 Nge7 5. b3 d5 6. Bb2 b6 7. d3 d4 8. Nbd2 g6 9. g3 Bg7 10. Bg2 e5 11. O-O-O Qc7 12. Nc4 b5 13. Ncxe5 Bxe5 14. Nxe5 Nxe5 15. fxe5 Qxe5 16. Qf2 Nc6 17. Kb1 a5 18. Qf4 Be6 19. c3 dxc3 20. Qxe5 Nxe5 21. Bxc3 f6 22. Rd2 Ke7 23. d4 1/2-1/2

[Event "West"]
[Site "?"]
[Date "1997.??.??"]
[Round "?"]
[White "Cicak Slavko"]
[Black "Gurevich Mikhail"]
[Result "0-1"]
[WhiteElo "2465"]
[BlackElo "2620"]
[PlyCount "120"]
[EventDate "1997.??.??"]
[Source "www.chesslib.no"]
[SourceDate "2004.05.04"]

1. e4 e6 2. Qe2 c5 3. Nf3 Nc6 4. g3 g6 5. Bg2 Bg7 6. O-O d6 7. c3 Nge7 8. d4 cxd4 9. cxd4 Nxd4 10. Nxd4 Bxd4 11. Bh6 Ng8 12. Be3 Bxe3 13. Qxe3 Qb6 14. Qxb6 axb6 15. Na3 Ke7 16. Rfc1 Nf6 17. Rc7+ Bd7 18. Rxb7 Rhb8 19. Rc7 e5 20. Nc2 Rc8 21. Rxc8 Rxc8 22. Ne3 Be6 23. h3 Nd7 24. b4 Nb8 25. a3 Nc6 26. Rc1 Kd8 27. Bf1 Nd4 28. Rxc8+ Kxc8 29. h4 Kc7 30. Bd3 Kc6 31. f4 Nb5 32. a4 Nc3 33. a5 b5 34. Kf1 Na2 35. a6 Nxb4 36. Bxb5+ Kb6 37. Nc4+ Bxc4+ 38. Bxc4 f6 39. fxe5 dxe5 40. Bg8 h6 41. Bf7 g5 42. Bc4 Nxa6 43. Kf2 Nc7 44. Kf3 Ne8 45. Kg4 Ng7 46. Bf7 Kc5 47. hxg5 fxg5 48. Ba2 Kd6 49. Bf7 Ke7 50. Bg6 Ke6 51. Bh7 Kf6 52. Bg8 Kg6 53. Bd5 Ne8 54. Be6 Nf6+ 55. Kf3 h5 56. Ke3 g4 57. Bc4 Kg5 58. Bf1 h4 59. gxh4+ Kxh4 60. Kd3 Kg3 0-1

[Event "Lublin"]
[Site "Lublin"]
[Date "1974.??.??"]
[Round "12"]
[White "Tal, Mihail"]
[Black "Liebert, Heinz"]
[Result "1-0"]
[WhiteElo "2635"]
[BlackElo "2445"]
[PlyCount "85"]
[EventDate "1974.??.??"]
[Source "ChessBase"]

1. e4 e6 2. Qe2 c5 3. Nf3 Nc6 4. g3 g6 5. Bg2 Bg7 6. O-O Nge7 7. d3 d6 8. c3 O-O 9. Nbd2 Rb8 10. Nb3 e5 11. Nh4 Be6 12. f4 Qd7 13. Be3 Rbe8 14. Rad1 Kh8 15. Nd2 f5 16. a3 b6 17. Ndf3 exf4 18. gxf4 d5 19. e5 d4 20. Bc1 Bb3 21. Rde1 c4 22. dxc4 dxc3 23. bxc3 Na5 24. Nd2 Bc2 25. Rf3 Rc8 26. Rh3 Rfd8 27. Bd5 Qe8 28. Qg2 Ba4 29. Ndf3 Nxc4 30. Be6 Bd7 31. Bxd7 Rxd7 32. Ng5 Rcd8 33. Qe2 Rc8 34. Kf2 Rdc7 35. Rg1 h6 36. Ne6 Rc6 37. Nd4 Rc5 38. Rhg3 Kh7 39. Nxg6 Nxg6 40. Rxg6 Qxg6 41. Rxg6 Kxg6 42. Qd3 Nd6 43. exd6 1-0

[Event "RUS-ch"]
[Site "Elista"]
[Date "1995.??.??"]
[Round "4"]
[White "Lastin, Alexander"]
[Black "Dolmatov, Sergey"]
[Result "0-1"]
[WhiteElo "2465"]
[BlackElo "2615"]
[PlyCount "52"]
[EventDate "1995.10.??"]
[Source "ChessBase"]

1. e4 e6 2. Qe2 c5 3. g3 Nc6 4. Nf3 g6 5. Bg2 Bg7 6. d3 d6 7. O-O Nge7 8. Nbd2 O-O 9. a4 e5 10. c3 h6 11. b3 Be6 12. Ba3 a6 13. Bb2 Rb8 14. Ne1 b5 15. axb5 axb5 16. Nc2 Qd7 17. Rfe1 Ra8 18. Qe3 Rxa1 19. Rxa1 f5 20. d4 exd4 21. cxd4 fxe4 22. Qe2 d5 23. Qxb5 cxd4 24. Qc5 Rc8 25. Qb6 Qc7 26. Qxc7 Rxc7 0-1

[Event "Manila m"]
[Site "Manila"]
[Date "1998.02.27"]
[Round "9"]
[White "Torre, Eugenio"]
[Black "Antonio, Rogelio Jr"]
[Result "1/2-1/2"]
[WhiteElo "2560"]
[BlackElo "2520"]
[PlyCount "60"]
[EventDate "1998.02.15"]
[Source "ChessBase"]
[SourceDate "1998.06.15"]

1. e4 e6 2. Qe2 c5 3. Nf3 Nc6 4. g3 Be7 5. Bg2 d5 6. d3 Nf6 7. O-O b5 8. Bg5 O-O 9. e5 Nd7 10. Bxe7 Qxe7 11. Re1 a5 12. Nbd2 Ba6 13. h4 b4 14. Qe3 Rae8 15. Nf1 f6 16. exf6 Nxf6 17. Qd2 Qd6 18. Ne3 Bc8 19. Bh3 Nd4 20. Nxd4 cxd4 21. Ng4 Nxg4 22. Bxg4 e5 23. Bxc8 Rxc8 24. a3 Rce8 25. axb4 axb4 26. Ra7 Qf6 27. Rd7 Qc6 28. Ra7 Qf6 29. Rd7 Qc6 30. Ra7 Qf6 1/2-1/2

[Event "Biel op"]
[Site "Biel"]
[Date "1995.??.??"]
[Round "8"]
[White "Kaminski, Marcin"]
[Black "Glek, Igor V"]
[Result "0-1"]
[WhiteElo "2495"]
[BlackElo "2580"]
[PlyCount "106"]
[EventDate "1995.07.??"]
[Source "ChessBase"]

1. e4 e6 2. Qe2 c5 3. Nf3 Nc6 4. g3 g6 5. Bg2 Bg7 6. O-O Nge7 7. c3 O-O 8. Na3 e5 9. Rd1 d5 10. exd5 Nxd5 11. d4 cxd4 12. cxd4 exd4 13. Bg5 Qb6 14. Qd2 Qb4 15. Qxb4 Ndxb4 16. Nb5 Bf5 17. a3 Nc2 18. Rac1 h6 19. Nd6 Be6 20. Bd2 d3 21. Bc3 Bxc3 22. bxc3 Nxa3 23. Nxb7 Rac8 24. Nc5 Bf5 25. Nxd3 Rfd8 26. Nf4 Rxd1+ 27. Rxd1 Ne7 28. Ne2 Nb5 29. Nfd4 Bg4 30. Nxb5 Bxe2 31. Re1 Bxb5 32. Rxe7 Rxc3 33. Bd5 Rc1+ 34. Kg2 Bf1+ 35. Kf3 Rc5 36. Bxf7+ Kf8 37. Re1 Rf5+ 38. Ke3 Re5+ 39. Kd2 Rxe1 40. Kxe1 Kxf7 41. Kxf1 Ke6 42. Ke2 Kd5 43. Kd3 g5 44. f3 h5 45. Ke3 a5 46. Kd3 h4 47. Kc3 h3 48. Kd3 a4 49. Kc3 a3 50. Kb3 Kd4 51. Kxa3 Ke3 52. f4 gxf4 53. gxf4 Kxf4 0-1

[Event "MK Cafe Cup-A"]
[Site "Koszalin"]
[Date "1999.08.07"]
[Round "5"]
[White "Slobodjan, Roman"]
[Black "Kaminski, Marcin"]
[Result "1/2-1/2"]
[WhiteElo "2550"]
[BlackElo "2523"]
[PlyCount "33"]
[EventDate "1999.08.03"]
[Source "ChessBase"]
[SourceDate "1999.12.01"]

1. e4 e6 2. Qe2 c5 3. Nf3 Nc6 4. g3 g6 5. Bg2 Bg7 6. O-O Nge7 7. c3 O-O 8. d3 d6 9. a3 b6 10. Rd1 e5 11. b4 a6 12. Bb2 f5 13. Nbd2 Kh8 14. Rab1 Qc7 15. bxc5 bxc5 16. d4 cxd4 17. cxd4 1/2-1/2

[Event "Russian Cup"]
[Site "?"]
[Date "1998.07.02"]
[Round "4"]
[White "Rustemov Alexander"]
[Black "Kiriakov Petr"]
[Result "1/2-1/2"]
[WhiteElo "2575"]
[BlackElo "2495"]
[PlyCount "52"]
[EventDate "1998.??.??"]
[Source "www.chesslib.no"]
[SourceDate "2004.05.04"]

1. e4 e6 2. Qe2 Be7 3. Nf3 d5 4. d3 Nf6 5. g3 O-O 6. Bg2 b5 7. O-O c5 8. e5 Nfd7 9. h4 Nc6 10. Bg5 a5 11. Nbd2 b4 12. Rfe1 Ba6 13. Qe3 Rc8 14. Qf4 a4 15. a3 Bb5 16. Bf1 h6 17. Bxe7 Qxe7 18. c4 bxc3 19. bxc3 Na5 20. c4 dxc4 21. dxc4 Bc6 22. Bd3 Rcd8 23. Be4 Nb8 24. Rad1 Kh8 25. Bxc6 Nbxc6 26. Qe4 Nd4 1/2-1/2

[Event "Recklinghausen"]
[Site "Recklinghausen GER"]
[Date "1995.??.??"]
[Round "3"]
[White "Galdunts, Sergey"]
[Black "Glek, Igor V"]
[Result "0-1"]
[WhiteElo "2475"]
[BlackElo "2590"]
[PlyCount "52"]
[EventDate "1995.08.??"]
[Source "www.chesslib.no"]
[SourceDate "2004.05.04"]

1. e4 e6 2. Qe2 c5 3. g3 Nc6 4. Nf3 g6 5. h4 h6 6. c3 Bg7 7. Bg2 Nge7 8. d3 d6 9. Nbd2 e5 10. h5 g5 11. Nc4 f5 12. exf5 Bxf5 13. Ne3 Be6 14. O-O O-O 15. c4 Qd7 16. Nd2 Rf7 17. Be4 Nd4 18. Qd1 g4 19. b4 Raf8 20. Rb1 b6 21. b5 Nf3+ 22. Kg2 d5 23. cxd5 Nxd5 24. Nxd5 Bxd5 25. Bb2 Rf5 26. Nc4 Bxe4 0-1

[Event "otb"]
[Site "otb"]
[Date "2007.05.18"]
[Round "2.4"]
[White "Saric Ibro"]
[Black "Sulava Nenad"]
[Result "1/2-1/2"]
[WhiteElo "2507"]
[BlackElo "2549"]
[PlyCount "44"]
[Source "www.chesslib.no"]
[SourceDate "2004.05.04"]

1. e4 e6 2. Qe2 c5 3. g3 Nc6 4. Bg2 Nge7 5. d3 g6 6. c3 Bg7 7. h4 d5 8. h5 dxe4 9. Bxe4 f5 10. Bxc6+ Nxc6 11. Nf3 Qd5 12. Rh4 b6 13. hxg6 hxg6 14. Rxh8+ Bxh8 15. Bg5 Ba6 16. c4 Qd7 17. Nc3 Nd4 18. Nxd4 cxd4 19. Nb1 Kf7 20. Nd2 e5 21. O-O-O Bg7 22. g4 Bb7 1/2-1/2